000 01042nam a2200325 a 4500
003 CHAP
005 20220329143636.0
008 101111s2008 mx 010 spa d
010 _a99757
011 _a100729
020 _a9789680204564
035 _a111415
040 _cCHAP
090 _aCD-177
100 1 _aRivera Espinosa, Ramón.
_997637
245 1 0 _aTópicos de arqueología industrial en México [Disco compacto]
_c/coordinado por Ramón Rivera Espinosa ...[et al]
260 _aChapingo, Méx. :
_bUACH,
_c2008
300 _a1 disco compacto ;
_c4 3/4 plgs.
590 _aBATCH-UPD
_b10
_c20130110
_lUCH01
_h1633
590 _aBATCH-UPD
_b10
_c20130410
_lUCH01
_h1025
590 _aBATCH-UPD
_b10
_c20130914
_lUCH01
_h0359
590 _aCONVERSION
_b10
_c20130109
_lUCH01
_h1355
650 0 4 _aArqueología
_zMéxico.
_97357
650 0 4 _aIndustria
_xHistoria.
_957742
650 0 4 _aIndustria
_xMéxico.
_957751
901 _aBK
911 _aen proceso
942 _cCD
949 _aCD-177
_bBC
_cCD
_d33724002221439
_eCD
_i111415
_sb
999 _c99757
_d99757